| Поле | Название | Значение |
| |
Тип записи |
a |
| |
Библиографический уровень |
a |
| 001 |
Контрольный номер |
RU/CBS_UL/BASE/adcfc2411296406abe2500a4ea04801f |
| 005 |
Дата корректировки |
20260404181914.6 |
| 100 |
Данные общей обработки |
__ |
| a |
Данные общей обработки |
20260404 ||| 0rusy0189 ca |
| 101 |
Язык документа |
0_ |
| a |
Язык текста |
rus |
| 102 |
Страна публикации |
__ |
| a |
Страна публикации |
RU |
| 200 |
Заглавие и сведения об ответственности |
1_ |
| a |
Заглавие |
Анна Козловская: "Отец не мог любить других женщин, только маму..." |
| e |
Сведения, относящиеся к заглавию |
[рассказ А. Козловской о своём отце, легендарном исполнителе И. Козловском] |
| f |
Первые сведения об ответственности |
А. Козловская |
| 300 |
Общие примечания |
__ |
| a |
Общие примечания |
16+ |
| 461 |
Уровень набора |
_0 |
| 1 |
|
2000 |
| a |
|
Коллекция КАРАВАН историй |
| 463 |
Уровень физической единицы |
_0 |
| 1 |
|
2000 |
| a |
|
№ 3 |
| v |
|
С. 166-191 : фот. |
| 1 |
|
2101 |
| d |
|
2026 |
| 1 |
|
001RU/CBS_UL/BASE/b61a408878ed4e6dbe90fcf0b44df0ab |
| 600 |
Персоналии |
_1 |
| a |
Персоналии (Фамилия) |
Козловский |
| b |
Персоналии (Имя, инициалы) |
И.С. |
| 600 |
Персоналии |
_1 |
| a |
Персоналии (Фамилия) |
Сергеева |
| b |
Персоналии (Имя, инициалы) |
Г.Е. |
| 606 |
Тематические рубрики |
0_ |
| a |
Основная рубрика |
Козловский, Иван Семёнович (1900-1993) |
| 610 |
Ключевые слова |
0_ |
| a |
Ключевые слова |
певцы советские, певцы российские, оперные певцы, камерные певцы, режиссёры оперы, Герои Социалистического Труда, народные артисты СССР |
| 686 |
Индексы других классификаций |
__ |
| 2 |
Код системы |
rubbk |
| a |
Классификационный индекс |
85.335.41 |
| 700 |
Автор |
_1 |
| a |
Фамилия |
Козловская |
| b |
Имя (инициалы) |
А. |
| 801 |
Источник записи |
_0 |
| a |
Страна |
RU |
| b |
Организация |
МБУК ЦБС г. Ульяновска |
| c |
Дата составления |
20260404 |
| g |
Правила каталогизации |
RCR |
| 801 |
Источник записи |
_1 |
| a |
Страна |
RU |
| b |
Организация |
МБУК ЦБС г. Ульяновска |
| c |
Дата составления |
20260404 |
| g |
Правила каталогизации |
RCR |
| 901 |
Тип документа |
__ |
| t |
Тип документа |
b |
| w |
Контрольный № источника |
RU/CBS_UL/BASE/b61a408878ed4e6dbe90fcf0b44df0ab |
| 909 |
Создатель записи |
__ |
| a |
Создатель записи |
lib1 |